La ciudad y los niños en América Latina /
Guardado en:
| Autor principal: | |
|---|---|
| Otros Autores: | |
| Formato: | Texto |
| Publicado: |
Quito:
Ciudad
|
| Etiquetas: |
Agregar Etiqueta
Sin Etiquetas, Sea el primero en etiquetar este registro!
|
MARC
| LEADER | 00000 a a2200000 04500 | ||
|---|---|---|---|
| 001 | 22195 | ||
| 003 | |||
| 040 | |||
| 090 | |a 150500 | ||
| 100 | |a Carrión, Diego | ||
| 245 | |a La ciudad y los niños en América Latina / |c Diego Carrión | ||
| 260 | |a Quito: |b Ciudad | ||
| 300 | |a 305 p. | ||
| 700 | |a Vainstoc, Ana | ||
| 999 | |c 16121 |d 16121 | ||
